000 01160 a2200205 4500
001 22958
005 20260407155519.0
008 260407a1977 arg spa d
003 AR-UNSa-BCEJYS
040 _aAR-UNSa-BCEJYS
_bspa
_cAR-UNSa-BCEJYS
080 _a347
_xDerecho Civil
245 1 0 _aDerecho Privado
_pParte general. Introducción al derecho privado . parte general del derecho civil y del derecho comercial. derechos reales. derecho de familia. sucesiones.
250 _a2a. ed.
264 1 _aBuenos Aires :
_bAbeledo Perrot
_c1977
300 _a781 p.
_c23 cm.
505 _a1. El derecho - 2. La ley - 3. Personas - 4. La materia comercial. El comerciante - 5. Actos de comercio - 6. Personas jurídicas - 7. El patrimonio - 8. Hechos y actos jurídicos - 9. Vicios. Nulidad. Extinción - 10. Derechos reales - 11. Derechos reales sobre cosa ajena - 12. Otros derechos reales de garantía. Publicidad - 13. La familia - 14. La transmisión hereditaria. Sucesión intestada - 15. Indivisión y partición de la herencia. Sucesión testamentaria
942 _cBK
590 _aniveau_biblio:m niveau_hierar:0
100 1 _aAlterini, Atilio Aníbal
999 _c1070
_d1070